000 00861nas a2200277 4500
001 BR9205782
003 BR-BrBNA
005 20231205094624.0
007 ta
008 230509b bl.|||p| |||| 00| 00por d
040 _aBR-BrBNA
_bpor
_cBiblioteca Nacional de Agricultura
041 _a(Pt)
072 _aL01
100 1 _aOliveira, A.A.D. de
100 1 _aCampos, B. do E.S. de
100 1 _aSchammass, E.A.
100 1 _aPires, F.L.
245 1 _aFontes de variacao da producao de leite e gordura em vacas da raca holandesa preta e branca
650 _aGado Leiteiro
650 _aProducao Leiteira
650 _aRaca
650 _aHolandes Preto e Branco
773 0 _tBoletim de Industria Animal (Brazil)
_xISSN 0067-9615
_g(Jan-Jun 1989), v. 46(1) p. 113-123
_wBR9205782
909 _a202311
_bLúcia
_c55
_dLúcia Elande
942 _2AGRIS
_n0
_cANA
999 _c145721
_d145721